000 00900cam a22002174a 4500
001 13305046
005 20250602122605.0
008 030808s2004 miuab b 001 0 eng
020 _a0310238269 (acidfree paper)
050 0 0 _aBS1194
_b.W33 2004
082 0 0 _a221.6/1
_222
100 1 _aWalton, John H.,
_d1952-
245 1 0 _aOld Testament today :
_ba journey from original meaning to contemporary significance /
_cJohn H. Walton, Andrew E. Hill.
260 _aGrand Rapids, Mich. :
_bZondervan,
_cc2004.
300 _axx, 412 p. :
_bcol. ill., maps ;
_c25 cm.
700 1 _aHill, Andrew E.
856 4 1 _3Table of contents only
_uhttp://www.loc.gov/catdir/toc/ecip047/2003017823.html
856 4 2 _3Publisher description
_uhttp://www.loc.gov/catdir/enhancements/fy0633/2003017823-d.html
856 4 1 _3Sample text
_uhttp://www.loc.gov/catdir/enhancements/fy0642/2003017823-s.html
942 _2lcc
_cBK
_n0
999 _c6130
_d6130